000
00261nam a2200097Ia 4500
001
1250031
005
20251031150848.0
008
251031s9999 xx 000 0 und d
245
0
_c
DEBORAH HOPKİNSON
_a
W-7 BİR HİKAYENİN HİKAYESİ
260
_b
ALTIN KİTAPLAR
999
_c
1250031
_d
1250031